000 00213 a2200097 4500
001 47912
100 _aRomulo C P
245 _aCrusade in Asia
260 _aNew York
_bThe John Day Co.
_c
090 _c30907
_d30907
942 _aNUST-CAE
_cM
_c23233
999 _c282985
_d282985